The Minister For Local Government And Rural Development (Hajia Alima Mahama (MP) And Minister For Finance (Ken Ofori-Atta) On The Financing And The Commercial Agreements For The Redevelopment And Modernization Of Kumasi Central Market Its Associated Infrastructure Project ( Phase II ) (Record no. 4753)

MARC details
000 -LEADER
fixed length control field 00931nam a22001817a 4500
003 - CONTROL NUMBER IDENTIFIER
control field OSt
005 - DATE AND TIME OF LATEST TRANSACTION
control field 20241112152337.0
008 - FIXED-LENGTH DATA ELEMENTS--GENERAL INFORMATION
fixed length control field 241112b |||||||| |||| 00| 0 eng d
041 ## - LANGUAGE CODE
Language code of text/sound track or separate title English
082 ## - DEWEY DECIMAL CLASSIFICATION NUMBER
Classification number PM/GRD/18 Acc No 10267
100 ## - MAIN ENTRY--PERSONAL NAME
Personal name ALIMA Hajia Mahama (MP) And KEN Ofori-Atta
110 ## - MAIN ENTRY--CORPORATE NAME
Corporate name or jurisdiction name as entry element Minister For Local Government And Rural Development And Minister For Finance
245 ## - TITLE STATEMENT
Title The Minister For Local Government And Rural Development (Hajia Alima Mahama (MP) And Minister For Finance (Ken Ofori-Atta) On The Financing And The Commercial Agreements For The Redevelopment And Modernization Of Kumasi Central Market Its Associated Infrastructure Project ( Phase II )
260 ## - PUBLICATION, DISTRIBUTION, ETC.
Place of publication, distribution, etc. Accra
Name of publisher, distributor, etc. Parliament Of Ghana
Date of publication, distribution, etc. 2018
300 ## - PHYSICAL DESCRIPTION
Extent 6p:tab
650 ## - SUBJECT ADDED ENTRY--TOPICAL TERM
Source of heading or term The Commercial Agreements For The Redevelopment And Modernization Of Kumasi Central Market Its Associated Infrastructure Project ( Phase II )
942 ## - ADDED ENTRY ELEMENTS (KOHA)
Source of classification or shelving scheme Dewey Decimal Classification
Koha item type Memorandum
Suppress in OPAC No
Holdings
Withdrawn status Lost status Source of classification or shelving scheme Damaged status Not for loan Home library Current library Shelving location Date acquired Total checkouts Full call number Date last seen Copy number Price effective from Koha item type
    Dewey Decimal Classification     Main Library Main Library Open Shelves 12/11/2024   PM/GRD/18 Acc No 10267 12/11/2024 1 12/11/2024 Memorandum
©2026  Parliament of Ghana Library - All rights reserved